| 000 | 01320nam a22002897a 4500 | ||
|---|---|---|---|
| 999 |
_c119192 _d119192 |
||
| 003 | dpl | ||
| 005 | 20190502120521.0 | ||
| 008 | 190502b ||||| |||| 00| 0 eng d | ||
| 010 | _aB-145185 | ||
| 020 |
_c200.00 _a8187450193 |
||
| 035 | _aB-145185, B-145189 | ||
| 037 | _bCen Lib/Ret | ||
| 040 |
_aDPL _bHN _c0 |
||
| 082 |
_a306.0954 _bपरिम |
||
| 100 |
_aपरिमल, प्रकाश _983763 |
||
| 245 |
_aभारतीय संस्कृति के नये आयाम / _cप्रकाश परिमल |
||
| 246 |
_aBhartiya sanskriti ke naye ayam / _bby Prakash Parimal |
||
| 260 |
_aजयपुर _bशिल्पी प्रकाशन _c2004 |
||
| 270 |
_aसी-177, महावीर मार्ग, मालवीय नगर _bजयपुर _e302017 |
||
| 300 |
_a188पृ. : _c21सेमी(सजिल्द) _bसचित्र |
||
| 500 | _aअनुक्रमणिका शामिल | ||
| 650 |
_aभारतीय संस्कृति _983764 |
||
| 650 |
_aभारतीय संस्कृति--वैदिक काव्य शास्त्र _983765 |
||
| 650 |
_aIndian culture _93853 |
||
| 650 |
_aIndian culture - Vedic scriptures Poetry _983766 |
||
| 942 |
_2ddc _cHN _h306.0954 _mपरिम |
||